000 00851nam a2200229 i 4500
001 bgj
245 0 0 _aKommunikation für Europa :
_bSprachkontakte-Sprachkultur-Sprachlernen : Materialiren von der sprachwissenschaftlichen Konferenz Szczecin-Pobierowo, 07.09-09.09.2003 /
_cRyszard Lipczuk, Krzysztof Nerlicki, Werner Westphal (Hgg.).
260 _aSzczecin :
_bOficyna In Plus,
_c2004.
300 _a240, [1], S. :
_bIll. ;
_c24 cm.
650 9 _aPolnisch
_aDeutsch
_xSprachkontakt
651 9 _aPolen
_xDeutschunterricht
651 9 _aPolen
_xLexikographie
_zDeutschland
700 1 _aLIPCZUK, Ryszard.
_eHgg.
700 1 _aNERLICKI, Krzysztof.
_eHgg.
700 1 _aWESTPHAL, Werner.
_eHgg.
020 _a8389402130
040 _cBPK
041 0 _ager
_gen
920 _a83-89402-13-0
942 _cKS
008 s gw f |000 0 ger
999 _c49431
_d49431
856 _uhttp://koha.tu.koszalin.pl/cgi-bin/koha/opac-detail.pl?biblionumber=49431
_yKatalog online BPK